000 00742nam a2200229Ia 4500
999 _c36039
_d36039
001 1938
003 GE_BSU
005 20221011155838.0
008 181216s2007ru xx |||||||||||||| ||rus||
020 _a5911312374Х
040 _cGE_BSU
080 _a349.444(075.8) К-88
100 _aКубанкина,Е.И.
_915253
245 _aЖилищное право :
_bУчебное пособие /
245 _bИзд.2-ое перераб. и доп.
264 _aМосква :
_bТорговая корпорация ,,Дошков иК,
_c2007.
300 _a288 с.:
_b20см.
653 _aЖилищное право.
653 _aსამართალი
700 _aПавленко,В. В.
_915254
942 _cBK
_2udc